[Event "23rd Dubai Open 2023"]
[Site "Dubai UAE"]
[Date "2023.05.28"]
[Round "2.8"]
[White "Gupta, Abhijeet"]
[Black "Mishra, Abhimanyu"]
[Result "1-0"]
[WhiteTitle "GM"]
[BlackTitle "GM"]
[WhiteElo "2630"]
[BlackElo "2550"]
[WhiteFideId "5010608"]
[BlackFideId "30920019"]
[EventDate "2023.05.27"]

1. d4 d5 2. c4 c6 3. Nf3 Nf6 4. g3 Bf5 5. Nc3 e6 6. Nh4 dxc4 7. Nxf5 exf5 8. Bg2
Be7 9. O-O O-O 10. Be3 Nbd7 11. d5 cxd5 12. Nxd5 Ne4 13. Qc2 Ndf6 14. Nxf6+ Bxf6
15. Qxc4 Nd2 16. Bxd2 Qxd2 17. Rfd1 Qxb2 18. Rab1 Qe5 19. Rxb7 Rac8 20. Qa6 Rc7
21. Bf3 Rxb7 22. Qxb7 Qb8 23. Qxb8 Rxb8 24. Rd7 a5 25. Rd5 Bc3 26. Rxf5 g6 27.
Rc5 Bb4 28. Rc7 Re8 29. e3 Re7 30. Rc8+ Kg7 31. Bc6 f5 32. Ba4 Kf6 33. Kg2 Kg7
34. Rc6 Rf7 35. h3 Rf6 36. Rc7+ Rf7 37. Rc4 Re7 38. g4 fxg4 39. hxg4 g5 40. Bc2
Rf7 41. Rc6 Rd7 42. Bf5 Re7 43. Kf3 Ba3 44. Rb6 Bb4 45. Rb5 Rc7 46. Ke2 Rf7 47.
Kd3 Be1 48. f3 Bb4 49. a4 Re7 50. Kd4 Bd2 51. e4 Rc7 52. e5 Bb4 53. Be6 Re7 54.
Kd5 Rc7 55. Ke4 Re7 56. Kf5 h6 57. Rb6 Re8 58. Rb7+ Re7 59. Rb8 Rc7 60. Rb6 Bc3
61. Rd6 Re7 62. Rc6 Bd4 63. Rc8 Bb6 64. Bd5 Bd4 65. e6 Bb6 66. Bc6 Bd4 67. Bd7
Be3 68. Ke5 Bd2 69. Kd5 Kf6 70. Rf8+ Kg7 71. Rf5 Kg6 72. Kc6 Bb4 73. Rb5 Kf6 74.
Rb8 Rh7 75. Rb5 Re7 76. Kd5 Rh7 77. Kc4 Be1 78. Rf5+ Ke7 79. Kd5 Bb4 80. Bb5 Bd2
81. Bc4 Bb4 82. Kc6 Bc3 83. Bb3 Bb4 84. Rb5 Kf6 85. Rxb4 axb4 86. a5 Ke5 87. a6
Re7 88. Kb6 Kd6 89. a7 Re8 90. Ba4 Ra8 91. Kb7 Rh8 92. a8=Q Rxa8 93. Kxa8 Kxe6
94. Kb7 Ke5 95. Kc6 Kf4 96. Bd1 Ke3 97. Kd6 Kd2 98. Bb3 Ke3 99. Bd5 b3 100. Bxb3
Kxf3 101. Bd1+ Kf4 102. Ke6 h5 103. gxh5 g4 104. h6 g3 105. h7 g2 106. h8=Q g1=Q
107. Qe5# 1-0

[Event "23rd Dubai Open 2023"]
[Site "Dubai UAE"]
[Date "2023.05.28"]
[Round "2.9"]
[White "Aditya, Mittal"]
[Black "Sargsyan, Shant"]
[Result "1/2-1/2"]
[WhiteTitle "GM"]
[BlackTitle "GM"]
[WhiteElo "2522"]
[BlackElo "2630"]
[WhiteFideId "35042025"]
[BlackFideId "13306766"]
[EventDate "2023.05.27"]

1. e4 e5 2. Nf3 Nc6 3. Bc4 Nf6 4. d4 exd4 5. e5 Ne4 6. Qe2 Nc5 7. O-O Ne6 8. c3
d5 9. exd6 Bxd6 10. Bg5 Be7 11. Bxe7 Qxe7 12. Rd1 O-O 13. cxd4 Nf4 14. Qxe7 Nxe7
15. Nc3 c6 16. Re1 Be6 17. Bxe6 Nxe6 18. Ng5 Nf5 19. Nxe6 fxe6 20. Rxe6 Nxd4 21.
Re7 Rf7 22. Rae1 Kf8 23. R7e5 Rd8 24. f3 Rf5 25. Re7 Rf7 26. R7e5 Rf5 27. Re7
Rf7 28. R7e5 Rf5 29. Re7 Rf7 30. R7e5 Rf5 1/2-1/2

[Event "23rd Dubai Open 2023"]
[Site "Dubai UAE"]
[Date "2023.05.28"]
[Round "2.10"]
[White "Chigaev, Maksim"]
[Black "Sviridov, Valery"]
[Result "1-0"]
[WhiteTitle "GM"]
[WhiteElo "2628"]
[BlackElo "2545"]
[WhiteFideId "4108116"]
[BlackFideId "4120680"]
[EventDate "2023.05.27"]

1. d4 e6 2. Nf3 Nf6 3. c4 b6 4. g3 Bb7 5. Bg2 Be7 6. O-O O-O 7. Nc3 Ne4 8. Qc2
Nxc3 9. Qxc3 d6 10. Qd3 Nd7 11. Ng5 Bxg5 12. Bxb7 Bxc1 13. Raxc1 Rb8 14. Bc6 a5
15. a3 Qe7 16. b4 axb4 17. axb4 f5 18. e3 Nf6 19. d5 Kh8 20. dxe6 Qxe6 21. Rfd1
Ng4 22. Bg2 Rbe8 23. c5 Qh6 24. h3 Ne5 25. Qa6 dxc5 26. bxc5 Qe6 27. Qa7 Re7 28.
cxb6 cxb6 29. Rc7 Rxc7 30. Qxc7 b5 31. Rd5 Ng6 32. Rxb5 Qe7 33. Qa5 Qf6 34. h4
f4 35. exf4 Nxf4 36. gxf4 Qxf4 37. Qa7 Qxh4 38. Rb8 Qf4 39. Rxf8+ Qxf8 40. Qa8
Qxa8 41. Bxa8 g6 42. Kg2 Kg7 43. Kg3 Kf6 44. Kf4 h6 45. Bc6 Ke6 46. Bb5 Kf6 47.
Be8 1-0

[Event "23rd Dubai Open 2023"]
[Site "Dubai UAE"]
[Date "2023.05.28"]
[Round "2.11"]
[White "Indjic, Aleksandar"]
[Black "Miladinovic, Igor"]
[Result "1-0"]
[WhiteTitle "GM"]
[BlackTitle "GM"]
[WhiteElo "2618"]
[BlackElo "2507"]
[WhiteFideId "911925"]
[BlackFideId "4203380"]
[EventDate "2023.05.27"]

1. c4 e5 2. Nc3 Bb4 3. Qb3 Bxc3 4. Qxc3 Qe7 5. b4 Nf6 6. Nf3 d6 7. d3 a5 8. b5
Nbd7 9. g3 Nc5 10. Bg2 O-O 11. e4 Bg4 12. Nh4 Nfd7 13. h3 Be6 14. O-O Nb6 15.
Be3 Qd7 16. Kh2 f5 17. exf5 Bxf5 18. Nxf5 Qxf5 19. Rad1 h5 20. d4 exd4 21. Rxd4
Qe5 22. Qd2 Rae8 23. Qxa5 Ra8 24. Qd2 Ra3 25. Rh4 Rf5 26. Bd4 Qe6 27. g4 Qe7 28.
gxf5 Qxh4 29. Bxg7 Nd3 30. Bb2 Rxa2 31. Rg1 Qf4+ 32. Qxf4 Nxf4 33. Bd5+ Kf8 34.
Rg8+ 1-0

[Event "23rd Dubai Open 2023"]
[Site "Dubai UAE"]
[Date "2023.05.28"]
[Round "2.12"]
[White "Davtyan, Artur"]
[Black "Kovalev, Vladislav"]
[Result "0-1"]
[WhiteTitle "IM"]
[BlackTitle "GM"]
[WhiteElo "2506"]
[BlackElo "2612"]
[WhiteFideId "13308327"]
[BlackFideId "13504398"]
[EventDate "2023.05.27"]

1. d4 Nf6 2. c4 e6 3. Nc3 Bb4 4. Qc2 O-O 5. e4 d5 6. e5 Ne4 7. Bd3 c5 8. Nf3
cxd4 9. Nxd4 Nd7 10. Bf4 Qh4 11. g3 Qh5 12. O-O g5 13. cxd5 Nxc3 14. bxc3 gxf4
15. dxe6 Nxe5 16. exf7+ Rxf7 17. cxb4 Bh3 18. Rfe1 fxg3 19. hxg3 Rd8 20. Qc5 Bg2 0-1

[Event "23rd Dubai Open 2023"]
[Site "Dubai UAE"]
[Date "2023.05.28"]
[Round "2.13"]
[White "Gharibyan, Mamikon"]
[Black "Murzin, Volodar"]
[Result "1/2-1/2"]
[WhiteTitle "IM"]
[BlackTitle "GM"]
[WhiteElo "2500"]
[BlackElo "2604"]
[WhiteFideId "13308300"]
[BlackFideId "44155573"]
[EventDate "2023.05.27"]

1. d4 Nf6 2. c4 g6 3. Nc3 Bg7 4. e4 O-O 5. Be2 d6 6. Nf3 e5 7. O-O Nc6 8. d5 Ne7
9. b4 Nh5 10. Re1 f5 11. a4 a5 12. bxa5 Rxa5 13. Ra3 Nf6 14. Bd2 h6 15. exf5
Nxf5 16. Bd3 Ra8 17. c5 g5 18. cxd6 cxd6 19. Qc2 Nh5 20. g4 Ne7 21. Nxg5 Bxg4
22. Ne6 Bxe6 23. dxe6 Qb6 24. Nd1 Nf4 25. a5 Qc6 26. Qxc6 bxc6 27. Bxf4 exf4 28.
a6 d5 29. Nc3 Bd4 30. Ne2 Be5 31. Rb1 Rfb8 32. Rxb8+ Rxb8 33. Kg2 Kg7 34. Kf3
Kf6 35. Nxf4 Ra8 36. a7 Bd4 37. Ra4 Bc5 38. Ra5 Bd4 39. Ra4 Bc5 1/2-1/2

[Event "23rd Dubai Open 2023"]
[Site "Dubai UAE"]
[Date "2023.05.28"]
[Round "2.14"]
[White "Harsha, Bharathakoti"]
[Black "Fawzy, Adham"]
[Result "1/2-1/2"]
[WhiteTitle "GM"]
[BlackTitle "GM"]
[WhiteElo "2602"]
[BlackElo "2495"]
[WhiteFideId "5078776"]
[BlackFideId "10613129"]
[EventDate "2023.05.27"]

1. d4 Nf6 2. c4 g6 3. Nc3 d5 4. cxd5 Nxd5 5. e4 Nxc3 6. bxc3 Bg7 7. Bc4 c5 8.
Ne2 Nc6 9. Be3 O-O 10. O-O Bg4 11. f3 Na5 12. Bxf7+ Rxf7 13. fxg4 Rxf1+ 14. Kxf1
Qd6 15. Kg1 Qe6 16. Ng3 Qc4 17. Qd2 Rd8 18. Rc1 Qa4 19. Qd1 Qa3 20. Bf2 Nc6 21.
d5 Ne5 22. Rc2 c4 23. Bd4 Rf8 24. g5 Nd3 25. Ne2 Bxd4+ 26. Nxd4 Rf4 27. Qe2 e5
28. dxe6 Qc5 29. g3 Rf8 30. e5 Rf5 31. e7 Kf7 32. Qe4 Rxe5 33. Qf3+ Kxe7 34.
Qxb7+ Kf8 35. Qxh7 Re1+ 36. Kg2 Qxg5 37. Qh8+ Kf7 38. Qh7+ Kf8 39. Qh8+ Kf7 1/2-1/2

[Event "23rd Dubai Open 2023"]
[Site "Dubai UAE"]
[Date "2023.05.28"]
[Round "2.15"]
[White "Sibashvili, Giorgi"]
[Black "Sanal, Vahap"]
[Result "0-1"]
[WhiteTitle "IM"]
[BlackTitle "GM"]
[WhiteElo "2408"]
[BlackElo "2600"]
[WhiteFideId "13602799"]
[BlackFideId "6300545"]
[EventDate "2023.05.27"]

1. b3 d5 2. Bb2 Bf5 3. Nf3 e6 4. g3 Nf6 5. Bg2 h6 6. O-O Be7 7. c4 c6 8. d3 O-O
9. Nbd2 Nbd7 10. Qc2 a5 11. Ne5 Nxe5 12. Bxe5 Nd7 13. Bc3 Bf6 14. Qb2 Bxc3 15.
Qxc3 Qf6 16. Qxf6 Nxf6 17. Rfb1 Rfd8 18. h3 Kf8 19. f4 Nd7 20. a3 Ra7 21. Kf2
Bh7 22. b4 axb4 23. cxd5 exd5 24. axb4 Rda8 25. Nb3 Rxa1 26. Rxa1 Rxa1 27. Nxa1
Ke7 28. Ke3 Kd6 29. Kd4 f5 30. Nb3 b6 31. e3 c5+ 32. Kc3 Bg8 33. bxc5+ bxc5 34.
Nd2 Nf6 35. Nf3 Be6 36. Ne5 Nh5 37. g4 d4+ 38. Kd2 dxe3+ 39. Kxe3 Nxf4 40. Nf7+
Bxf7 41. Kxf4 fxg4 42. hxg4 Bg6 43. Bf1 Kd5 44. Ke3 Ke5 45. Be2 Bf7 46. Bf3 Bd5
47. Be2 g6 48. Bd1 Bf7 49. Ba4 h5 50. gxh5 gxh5 51. Bd1 h4 52. Bg4 Be6 53. Bh5
h3 54. Kf3 Bf5 55. Kg3 Kd4 56. Be2 Ke3 57. Bf1 Bc8 58. Kh2 Kf2 0-1

[Event "23rd Dubai Open 2023"]
[Site "Dubai UAE"]
[Date "2023.05.28"]
[Round "2.16"]
[White "Yuffa, Daniil"]
[Black "Buksa, Nataliya"]
[Result "1-0"]
[WhiteTitle "GM"]
[BlackTitle "IM"]
[WhiteElo "2592"]
[BlackElo "2406"]
[WhiteFideId "24131423"]
[BlackFideId "14123622"]
[EventDate "2023.05.27"]

1. c4 e6 2. Nf3 Nf6 3. g3 d5 4. Bg2 Be7 5. d4 O-O 6. Qc2 c5 7. dxc5 Qa5+ 8. Nbd2
Qxc5 9. a3 b5 10. b4 Qc7 11. c5 a5 12. Bb2 axb4 13. axb4 Rxa1+ 14. Bxa1 Nc6 15.
Qb2 Bb7 16. Nd4 Nxd4 17. Qxd4 Re8 18. O-O Bf8 19. Qd3 e5 20. Qxb5 Bc6 21. Qd3
Qb7 22. Rb1 Bb5 23. Qf5 Nd7 24. Nb3 Qa8 25. Bc3 Qa2 26. Rb2 Qa3 27. Qc2 Qa8 28.
Ra2 Qc6 29. Ra5 Rb8 30. Qd1 Bc4 31. Nd2 Bb5 32. Nf1 e4 33. Ne3 Nf6 34. Be5 Rb7
35. Bxf6 Qxf6 36. Qxd5 Rd7 37. Qxe4 Bxe2 38. Nd5 Qb2 39. h4 Rd8 40. Kh2 Bd1 41.
Ne7+ Kh8 42. c6 f5 43. c7 Re8 44. Ng6+ 1-0

[Event "23rd Dubai Open 2023"]
[Site "Dubai UAE"]
[Date "2023.05.28"]
[Round "2.17"]
[White "Theodorou, Nikolas"]
[Black "Xue, Haowen"]
[Result "1-0"]
[WhiteTitle "GM"]
[WhiteElo "2591"]
[BlackElo "2335"]
[WhiteFideId "4262875"]
[BlackFideId "8625492"]
[EventDate "2023.05.27"]

1. Nf3 Nf6 2. b3 d5 3. Bb2 g6 4. c4 Bg7 5. g3 O-O 6. Bg2 c6 7. O-O Bg4 8. d4
Bxf3 9. Bxf3 e6 10. Nc3 Nbd7 11. e3 Re8 12. Bg2 Qe7 13. Qe2 Rad8 14. Rad1 Nb6
15. a3 Nc8 16. c5 Nd7 17. e4 dxe4 18. Nxe4 Nf6 19. Nd2 Qc7 20. Nc4 Nd5 21. b4
Nce7 22. Rd3 Nf5 23. Rfd1 Qe7 24. Qc2 h5 25. Qb3 h4 26. a4 Qg5 27. b5 Rb8 28.
Bc1 Qh5 29. Bb2 Red8 30. Bf3 Qh8 31. Na5 Nfe7 32. Qc4 Bf6 33. Rb3 Qg7 34. Qe2
Rdc8 35. Nc4 Rd8 36. Nd6 Nf5 37. Nxf5 exf5 38. Bxd5 cxd5 39. Qf3 Re8 40. Qxd5
Rbd8 41. Qxb7 Bxd4 42. Bxd4 Rxd4 43. Rbb1 Rxd1+ 44. Rxd1 Qc3 45. Qd7 Re1+ 46.
Kg2 Rxd1 47. Qxd1 Qxc5 48. gxh4 Qc4 49. h5 gxh5 50. Qxh5 Qe4+ 51. Qf3 Qxa4 52.
Qxf5 Qc4 53. h3 Kf8 54. Qe5 Qb4 55. Kg3 Qb1 56. Kh2 Qb4 57. Kg2 Kg8 58. Kg3 Qb3+
59. Kh4 Qb4+ 60. f4 Qb1 61. f5 Qf1 62. f6 Qc4+ 63. Kh5 Qb3 64. Qf5 Kh8 65. Qg4
Qd5+ 66. Kh4 1-0

[Event "23rd Dubai Open 2023"]
[Site "Dubai UAE"]
[Date "2023.05.28"]
[Round "2.18"]
[White "Mandura, Tijana"]
[Black "Adhiban, Baskaran"]
[Result "0-1"]
[WhiteTitle "WIM"]
[BlackTitle "GM"]
[WhiteElo "2203"]
[BlackElo "2589"]
[WhiteFideId "16500270"]
[BlackFideId "5018471"]
[EventDate "2023.05.27"]

1. e4 c6 2. Nf3 d5 3. d3 g6 4. e5 f6 5. d4 Bg7 6. Be2 fxe5 7. Nxe5 Nd7 8. Nf3
Nh6 9. O-O O-O 10. Nbd2 Nf5 11. Nb3 a5 12. a4 e5 13. c4 e4 14. Ne1 Qb6 15. c5
Qd8 16. f3 Nf6 17. Nc2 b6 18. Ra3 Ra7 19. Bg5 h6 20. Bf4 exf3 21. Bxf3 Ne4 22.
Bxe4 dxe4 23. Be5 Ba6 24. Re1 Bxe5 25. dxe5 Qxd1 26. Rxd1 e3 27. cxb6 e2 28. Re1
Nd4 29. Ne3 Nc2 30. Nc1 Nxe1 31. Nxe2 Rb7 0-1

[Event "23rd Dubai Open 2023"]
[Site "Dubai UAE"]
[Date "2023.05.28"]
[Round "2.19"]
[White "Salem, A.R. Saleh"]
[Black "Ohanyan, Emin"]
[Result "1-0"]
[WhiteTitle "GM"]
[BlackTitle "IM"]
[WhiteElo "2677"]
[BlackElo "2444"]
[WhiteFideId "9301348"]
[BlackFideId "13312022"]
[EventDate "2023.05.27"]

1. d4 Nf6 2. c4 e6 3. Nc3 Bb4 4. e3 O-O 5. Bd3 d5 6. a3 Bxc3+ 7. bxc3 dxc4 8.
Bxc4 c5 9. Nf3 Qc7 10. Be2 Nbd7 11. O-O e5 12. Bb2 b6 13. c4 cxd4 14. exd4 exd4
15. Nxd4 Ba6 16. a4 Nc5 17. Ra3 Rad8 18. Qc1 Nfe4 19. Re1 Rfe8 20. Bf1 Nd6 21.
Nb5 Bxb5 22. axb5 f6 23. Rxe8+ Rxe8 24. Qa1 Re7 25. Qd1 Nf7 26. g3 Qd7 27. Qf3
Ng5 28. Qa8+ Kf7 29. Bc1 Qb7 30. Qxb7 Rxb7 31. Bg2 Re7 32. Bd5+ Kg6 33. Kg2 Nge6
34. Be3 f5 35. h3 Kf6 36. Bc1 Ke5 37. Rf3 g6 38. Ra3 Kd6 39. f3 a5 40. bxa6 Ra7
41. Be3 Nc7 42. Bf4+ Kd7 43. Bg8 N7e6 44. Be3 Kc6 45. Bxc5 Nxc5 46. Bxh7 1-0

[Event "23rd Dubai Open 2023"]
[Site "Dubai UAE"]
[Date "2023.05.28"]
[Round "2.20"]
[White "Iturrizaga Bonelli, Eduardo"]
[Black "Erdogmus, Yagiz Kaan"]
[Result "1/2-1/2"]
[WhiteTitle "GM"]
[BlackTitle "IM"]
[WhiteElo "2637"]
[BlackElo "2470"]
[WhiteFideId "3901211"]
[BlackFideId "44599790"]
[EventDate "2023.05.27"]

1. Nf3 d5 2. e3 Nf6 3. b3 e6 4. Bb2 b6 5. c4 Bb7 6. Nc3 Nbd7 7. g3 dxc4 8. bxc4
e5 9. Bg2 e4 10. Ng5 Nc5 11. O-O h6 12. Nh3 Nd3 13. Qc2 Qd7 14. Nf4 Rd8 15. Nfd5
Nxd5 16. cxd5 Nxb2 17. Qxb2 Bxd5 18. Nxd5 Qxd5 19. d3 Qe6 20. Bxe4 c5 21. Qb5+
Ke7 22. a4 g6 23. a5 Bg7 24. axb6 Qxb6 25. Rab1 Qxb5 26. Rxb5 f5 27. Bf3 Rxd3
28. Rxc5 Rc3 29. Ra5 Rc7 30. h4 Rf8 31. Ra6 Rf6 32. Rfa1 Rxa6 33. Rxa6 g5 34.
Rg6 Bf6 35. Rxh6 gxh4 36. gxh4 a5 37. Rh7+ Kd6 38. Rxc7 Kxc7 39. h5 a4 40. Bd1
a3 41. Bb3 Kd6 42. Kg2 Ke7 43. Kg3 Bg5 44. f4 Bh6 45. Ba2 Kf6 46. Kf3 Bf8 47.
Bb1 Kg7 1/2-1/2

[Event "23rd Dubai Open 2023"]
[Site "Dubai UAE"]
[Date "2023.05.28"]
[Round "2.22"]
[White "Lim, Zhuo Ren"]
[Black "Bernadskiy, Vitaliy"]
[Result "0-1"]
[WhiteTitle "FM"]
[BlackTitle "GM"]
[WhiteElo "2294"]
[BlackElo "2592"]
[WhiteFideId "5702488"]
[BlackFideId "14100371"]
[EventDate "2023.05.27"]

1. d4 Nf6 2. c4 g6 3. Nf3 Bg7 4. g3 d5 5. cxd5 Nxd5 6. Bg2 Nb6 7. O-O Nc6 8. e3
O-O 9. Nc3 a5 10. Nh4 a4 11. f4 a3 12. Qe2 Be6 13. Rd1 Bc4 14. Qf2 axb2 15. Bxb2
Nb4 16. Bxb7 Nd3 17. Qc2 Rb8 18. Be4 Nd5 19. Bc1 N5b4 20. Qd2 c5 21. Nf3 cxd4
22. exd4 Bxd4+ 23. Kg2 Bg7 24. Rb1 Qc7 25. Bxd3 Nxd3 26. Rxb8 Rxb8 27. Nd5 Qc5
28. Ne3 Ba6 29. Qc2 Qxc2+ 30. Nxc2 Rb1 0-1

[Event "23rd Dubai Open 2023"]
[Site "Dubai UAE"]
[Date "2023.05.28"]
[Round "2.23"]
[White "Winkelman, Albert"]
[Black "Vasquez Schroeder, Rodrigo"]
[Result "1/2-1/2"]
[WhiteTitle "FM"]
[BlackTitle "GM"]
[WhiteElo "2227"]
[BlackElo "2524"]
[WhiteFideId "3219941"]
[BlackFideId "3400042"]
[EventDate "2023.05.27"]

1. e4 c5 2. Nf3 d6 3. d4 cxd4 4. Nxd4 Nf6 5. Nc3 a6 6. Be2 e6 7. Be3 Qc7 8. g4
h6 9. f4 b5 10. Bf3 b4 11. Nce2 Bb7 12. Ng3 e5 13. Ndf5 Nc6 14. g5 hxg5 15. fxg5
Ng8 16. Bd2 g6 17. Ne3 Nge7 18. c3 bxc3 19. Bxc3 Bg7 20. Ne2 Rh3 21. O-O d5 22.
Ng3 Qb6 23. Qd3 d4 24. Nc4 Qc7 25. Bd2 Bc8 26. Rac1 Be6 27. Na5 Qd7 28. Nb3 Bxb3
29. axb3 Qe6 30. b4 Na7 31. Bd1 Rh7 32. Bb3 Qh3 33. Bxf7+ Kd8 34. Rf2 Nb5 35.
Bc4 Qd7 36. Rcf1 Rc8 37. Qb3 Rc6 38. Qd3 Rb6 39. Rf3 Rh8 40. R1f2 Qg4 41. Rf7
Rh7 42. R7f6 Bxf6 43. gxf6 Ke8 44. fxe7 Rxe7 45. Qb3 Nd6 46. Be2 Qe6 47. Qa4+
Qd7 48. Qa5 Qb7 49. Bg5 Re6 50. Qd5 Nf7 51. Bd2 Red6 52. Qb3 Rf6 53. Rg2 Kf8 54.
Bc4 Qc8 55. Bd5 Qd7 56. Ne2 Kg7 57. Nc1 a5 58. Nd3 Qh3 59. Nc5 Rf3 60. Qd1 Rbf6
61. Bc4 Rf2 62. Rxf2 Rxf2 63. Ne6+ Kh8 64. Kxf2 1/2-1/2

[Event "23rd Dubai Open 2023"]
[Site "Dubai UAE"]
[Date "2023.05.28"]
[Round "2.24"]
[White "Laddha, Shubh Jayesh"]
[Black "Sankalp, Gupta"]
[Result "0-1"]
[WhiteTitle "FM"]
[BlackTitle "GM"]
[WhiteElo "2397"]
[BlackElo "2504"]
[WhiteFideId "30942799"]
[BlackFideId "5097010"]
[EventDate "2023.05.27"]

1. e4 c6 2. d4 d5 3. exd5 cxd5 4. Bd3 Nc6 5. c3 Qc7 6. Ne2 Bg4 7. O-O e6 8. Qe1
g6 9. Bf4 Bd6 10. Bxd6 Qxd6 11. f3 Bf5 12. Bxf5 gxf5 13. Qg3 Qe7 14. Nd2 Nf6 15.
b4 h5 16. Qh4 Nd7 17. Qxe7+ Nxe7 18. Kf2 Nc8 19. Nf4 Nd6 20. h4 Ke7 21. Rfe1 Kf6
22. Nb3 b6 23. Nc1 Nb5 24. Nce2 Na3 25. Rac1 Kg7 26. Ng3 Nf6 27. Re2 a5 28. b5
a4 29. Rb2 Ra5 30. Nge2 Rc8 31. Rb4 Kh6 32. Nd3 Nxb5 33. Ne5 Rc7 34. c4 Na3 35.
Rc3 Nxc4 36. Rxb6 Raa7 37. Nxc4 dxc4 38. Nf4 Kg7 39. Ke3 Re7 40. Rd6 Nd5+ 41.
Nxd5 exd5+ 42. Kf4 a3 43. Rc2 Reb7 44. Rxd5 Rb2 45. Rxc4 Rxa2 46. Rc1 Rb2 47.
Re5 a2 48. Ree1 Rab7 49. Ra1 Rb1 50. Rxa2 Rxe1 51. Kxf5 Rd1 52. Ra4 Rb2 53. g3
Rb3 0-1

[Event "23rd Dubai Open 2023"]
[Site "Dubai UAE"]
[Date "2023.05.28"]
[Round "2.25"]
[White "Tiglon, Bryce"]
[Black "Mamatov, Melis"]
[Result "1-0"]
[WhiteTitle "IM"]
[BlackTitle "FM"]
[WhiteElo "2494"]
[BlackElo "2399"]
[WhiteFideId "2087456"]
[BlackFideId "13800027"]
[EventDate "2023.05.27"]

1. e4 c5 2. Nf3 d6 3. d4 cxd4 4. Nxd4 Nf6 5. Nc3 e5 6. Bb5+ Nbd7 7. Nf5 a6 8.
Ba4 b5 9. Bb3 Nc5 10. Bg5 Bxf5 11. exf5 Be7 12. Bxf6 Bxf6 13. Qf3 O-O 14. O-O-O
b4 15. Ne4 Nxe4 16. Qxe4 a5 17. h4 a4 18. Bd5 Rb8 19. Kd2 Rc8 20. Ke2 h5 21. Rd2
Qb6 22. g3 Rc5 23. Rhd1 Rfc8 24. b3 Qb5+ 25. Kf3 Rc3+ 26. Kg2 Be7 27. bxa4 Qxa4
28. Rb1 Rb8 29. Qe2 Rb5 30. Bb3 Qa8+ 31. Kh2 Ra5 32. Qxh5 d5 33. Rbd1 Rcc5 34.
Re1 Bf6 35. g4 Qc8 36. f4 Qc7 37. g5 e4 38. Kg2 g6 39. fxg6 Bc3 40. Rxe4 dxe4
41. Rd8+ 1-0

[Event "23rd Dubai Open 2023"]
[Site "Dubai UAE"]
[Date "2023.05.28"]
[Round "2.26"]
[White "Al Qudaimi, Basheer"]
[Black "Karthikeyan, Murali"]
[Result "0-1"]
[WhiteTitle "IM"]
[BlackTitle "GM"]
[WhiteElo "2401"]
[BlackElo "2627"]
[WhiteFideId "9400346"]
[BlackFideId "5074452"]
[EventDate "2023.05.27"]

1. d4 Nf6 2. c4 g6 3. Nc3 Bg7 4. e4 d6 5. f4 O-O 6. Nf3 Bg4 7. Be3 c5 8. dxc5
dxc5 9. e5 Nh5 10. Be2 Nc6 11. O-O f6 12. Qd5+ e6 13. Qxc5 fxe5 14. Rad1 Qb8 15.
Nxe5 Nxe5 16. fxe5 Bxe2 17. Nxe2 Rxf1+ 18. Rxf1 Bxe5 19. Qe7 Bxb2 20. g4 Ng7 21.
Bh6 Qd8 22. Qxd8+ Rxd8 23. Rb1 Bd4+ 24. Kg2 b6 25. Kf3 Bc5 26. Ng3 Rd3+ 27. Ke4
Rd4+ 28. Ke5 Rxg4 29. Rd1 Nf5 30. Rd8+ Kf7 31. Rd7+ Be7 32. Bd2 Nh4 33. Rd3 g5
34. Ne4 Ng6+ 0-1

[Event "23rd Dubai Open 2023"]
[Site "Dubai UAE"]
[Date "2023.05.28"]
[Round "2.27"]
[White "Vakhidov, Jakhongir"]
[Black "Injac, Teodora"]
[Result "1-0"]
[WhiteTitle "GM"]
[BlackTitle "IM"]
[WhiteElo "2607"]
[BlackElo "2402"]
[WhiteFideId "14201801"]
[BlackFideId "932400"]
[EventDate "2023.05.27"]

1. c4 c6 2. d4 d5 3. cxd5 cxd5 4. Bf4 Nc6 5. e3 Nf6 6. Bd3 Bg4 7. f3 Bh5 8. Qb3
Qd7 9. Nc3 e6 10. Bb5 Be7 11. Rc1 O-O 12. Na4 Rfc8 13. Nc5 Qd8 14. Nxb7 Qb6 15.
Bxc6 Rxc6 16. Rxc6 Qxc6 17. Ne2 a5 18. Nc5 Bxc5 19. dxc5 Nd7 20. O-O e5 21. Bg3
f6 22. Rc1 Rb8 23. Nd4 Rxb3 24. Nxc6 Rxb2 25. a4 Kf7 26. Na7 Rb4 27. c6 Nb6 28.
Be1 Rxa4 29. c7 Ke6 30. c8=Q+ Nxc8 31. Nxc8 Ra3 32. Rc7 f5 33. Bc3 Kf6 34. f4 1-0

[Event "23rd Dubai Open 2023"]
[Site "Dubai UAE"]
[Date "2023.05.28"]
[Round "2.28"]
[White "Gavrilescu, David"]
[Black "Uskov, Artem"]
[Result "1/2-1/2"]
[WhiteTitle "GM"]
[BlackTitle "IM"]
[WhiteElo "2535"]
[BlackElo "2367"]
[WhiteFideId "1227190"]
[BlackFideId "34254854"]
[EventDate "2023.05.27"]

1. e4 c5 2. Nf3 d6 3. Nc3 Nf6 4. h3 a6 5. a4 e5 6. Bc4 Be6 7. d3 Nc6 8. Bg5 Be7
9. Bxf6 Bxf6 10. Nd5 O-O 11. c3 Rb8 12. O-O Kh8 13. Qe2 Bg5 14. a5 Bh6 15. b4
cxb4 16. cxb4 b5 17. axb6 Bxd5 18. Bxd5 Nxb4 19. d4 exd4 20. Nxd4 Rxb6 21. Nf5
Bf4 22. Rad1 a5 23. g3 Be5 24. Ne3 Qc8 25. Kg2 a4 26. Nc4 Qa6 27. Rd2 Rbb8 28.
Nxe5 dxe5 1/2-1/2

[Event "23rd Dubai Open 2023"]
[Site "Dubai UAE"]
[Date "2023.05.28"]
[Round "2.29"]
[White "Chernobay, Artem"]
[Black "Farahat, Ali"]
[Result "1/2-1/2"]
[WhiteTitle "GM"]
[BlackTitle "IM"]
[WhiteElo "2484"]
[BlackElo "2361"]
[WhiteFideId "4167406"]
[BlackFideId "10600507"]
[EventDate "2023.05.27"]

1. e4 e5 2. Nf3 Nc6 3. Bc4 Bc5 4. c3 Nf6 5. d3 d6 6. O-O a6 7. a4 h6 8. Re1 Ba7
9. Nbd2 g5 10. d4 g4 11. Nh4 Nxe4 12. Nxe4 Qxh4 13. dxe5 Nxe5 14. Bf4 Qe7 15.
Bd5 Be6 16. Bxb7 Rb8 17. Bxa6 f5 18. Nd2 Rxb2 19. Bxe5 dxe5 20. Rxe5 Qd7 21. Qe1
Qxd2 22. Rxe6+ Kd8 23. Kh1 Qxe1+ 24. Raxe1 Rd2 25. Bb5 c6 26. Bxc6 Bxf2 27. Rb1
Kc7 28. Bb5 Rhd8 29. g3 Rd1+ 30. Rxd1 Rxd1+ 31. Kg2 Bb6 32. h4 Rd2+ 33. Re2
Rxe2+ 34. Bxe2 Kd6 35. Ba6 Ba5 36. c4 Bb6 37. Bc8 Ke5 38. Bd7 Ke4 39. Bc8 1/2-1/2